[Event "CRO-chT1A 20th"]
[Site "Sibenik"]
[Date "2011.10.08"]
[Round "5.5"]
[White "Kovacevic, Blazimir"]
[Black "Sermek, Drazen"]
[Result "1/2-1/2"]
[WhiteElo "2494"]
[BlackElo "2512"]
[PlyCount "47"]
[EventDate "2011.10.04"]
[EventType "team-tourn"]
[EventRounds "9"]
[EventCountry "CRO"]
[SourceTitle "CBM 144 Extra"]
[Source "ChessBase"]
[SourceDate "2011.10.28"]
[SourceVersion "1"]
[SourceVersionDate "2011.10.28"]
[SourceQuality "1"]
[WhiteTeam "Slavonski Brod"]
[BlackTeam "Osijek"]
[WhiteTeamCountry "CRO"]
[BlackTeamCountry "CRO"]

1. d4 d5 2. c4 dxc4 3. e3 c5 4. Bxc4 cxd4 5. Nf3 Qc7 6. Bb3 dxe3 7. Bxe3 e6 8. 0-0 Nf6 9. Nc3 Bd7 10. Rc1 Qa5 11. Nd2 Be7 12. Nc4 Qa6 13. Bg5 h6 14. Bh4 0-0 15. Ne4 Nd5 16. Bxe7 Nxe7 17. Nc5 Qb5 18. Nd6 Qb6 19. Nxd7 Nxd7 20. Nxf7 Nc5 21. Ne5 Rad8 22. Qc2 Nxb3 23. Qxb3 Qxb3 24. axb3 1/2-1/2

[Event "CRO-chT1A 20th"]
[Site "Sibenik"]
[Date "2011.10.06"]
[Round "3.5"]
[White "Sermek, Drazen"]
[Black "Biti, Ozren"]
[Result "1/2-1/2"]
[WhiteElo "2512"]
[BlackElo "2398"]
[PlyCount "21"]
[EventDate "2011.10.04"]
[EventType "team-tourn"]
[EventRounds "9"]
[EventCountry "CRO"]
[SourceTitle "CBM 144 Extra"]
[Source "ChessBase"]
[SourceDate "2011.10.28"]
[SourceVersion "1"]
[SourceVersionDate "2011.10.28"]
[SourceQuality "1"]
[WhiteTeam "Osijek"]
[BlackTeam "Varazdin"]
[WhiteTeamCountry "CRO"]
[BlackTeamCountry "CRO"]

1. e4 d6 2. b3 Nf6 3. Qe2 e5 4. Bb2 Be7 5. g3 0-0 6. h3 Nc6 7. Nf3 Re8 8. Bg2 Bf8 9. 0-0 h6 10. d3 a5 11. a3 1/2-1/2

[Event "CRO-chT1A 20th"]
[Site "Sibenik"]
[Date "2011.10.05"]
[Round "2.2"]
[White "Sinanovic, Muhamed"]
[Black "Sermek, Drazen"]
[Result "1/2-1/2"]
[WhiteElo "2403"]
[BlackElo "2512"]
[PlyCount "20"]
[EventDate "2011.10.04"]
[EventType "team-tourn"]
[EventRounds "9"]
[EventCountry "CRO"]
[SourceTitle "CBM 144 Extra"]
[Source "ChessBase"]
[SourceDate "2011.10.28"]
[SourceVersion "1"]
[SourceVersionDate "2011.10.28"]
[SourceQuality "1"]
[WhiteTeam "Bibinje Goran"]
[BlackTeam "Osijek"]
[WhiteTeamCountry "CRO"]
[BlackTeamCountry "CRO"]

1. c4 c5 2. Nc3 g6 3. Nf3 Bg7 4. g3 Nc6 5. Bg2 e6 6. 0-0 Nge7 7. d3 0-0 8. Bd2 d5 9. Rb1 b6 10. a3 a5 1/2-1/2

[Event "CRO-chT1A 20th"]
[Site "Sibenik"]
[Date "2011.10.04"]
[Round "1.4"]
[White "Sermek, Drazen"]
[Black "Muse, Mladen"]
[Result "1/2-1/2"]
[WhiteElo "2512"]
[BlackElo "2443"]
[PlyCount "21"]
[EventDate "2011.10.04"]
[EventType "team-tourn"]
[EventRounds "9"]
[EventCountry "CRO"]
[SourceTitle "CBM 144 Extra"]
[Source "ChessBase"]
[SourceDate "2011.10.28"]
[SourceVersion "1"]
[SourceVersionDate "2011.10.28"]
[SourceQuality "1"]
[WhiteTeam "Osijek"]
[BlackTeam "Mravince"]
[WhiteTeamCountry "CRO"]
[BlackTeamCountry "CRO"]

1. b3 d5 2. g3 Nf6 3. Bb2 c6 4. f4 g6 5. Nf3 Bg7 6. Bg2 0-0 7. 0-0 a5 8. e3 a4 9. d3 Qb6 10. Bd4 c5 11. Bb2 1/2-1/2

[Event "CRO-chT1A 19th"]
[Site "Sibenik"]
[Date "2010.09.08"]
[Round "5"]
[White "Sermek, Drazen"]
[Black "Doric, Darko"]
[Result "1/2-1/2"]
[WhiteElo "2524"]
[BlackElo "2471"]
[PlyCount "49"]
[EventDate "2010.09.04"]
[EventType "team-tourn"]
[EventRounds "9"]
[EventCountry "CRO"]
[SourceTitle "CBM 138 Extra"]
[Source "ChessBase"]
[SourceDate "2010.10.29"]
[SourceVersion "1"]
[SourceVersionDate "2010.10.29"]
[SourceQuality "1"]

1. e4 e5 2. Nf3 Nc6 3. Bc4 Bc5 4. d3 Nf6 5. Nc3 d6 6. Bg5 h6 7. Bxf6 Qxf6 8. Nd5 Qd8 9. c3 a6 10. d4 Ba7 11. dxe5 Nxe5 12. Nxe5 dxe5 13. Qh5 0-0 14. Qxe5 Re8 15. Qf4 Qd6 16. Qxd6 Rxe4+ 17. Ne3 cxd6 18. Bd5 Re7 19. 0-0-0 Be6 20. Rhf1 Rae8 21. Kc2 Bxe3 22. fxe3 Bxd5 23. Rxd5 Rxe3 24. Rxd6 Re2+ 25. Rd2 1/2-1/2

[Event "CRO-chT1A 19th"]
[Site "Sibenik"]
[Date "2010.09.06"]
[Round "3"]
[White "Jovanic, Ognjen"]
[Black "Sermek, Drazen"]
[Result "1/2-1/2"]
[WhiteElo "2523"]
[BlackElo "2524"]
[PlyCount "77"]
[EventDate "2010.09.04"]
[EventType "team-tourn"]
[EventRounds "9"]
[EventCountry "CRO"]
[SourceTitle "CBM 138 Extra"]
[Source "ChessBase"]
[SourceDate "2010.10.29"]
[SourceVersion "1"]
[SourceVersionDate "2010.10.29"]
[SourceQuality "1"]

1. d4 d5 2. c4 dxc4 3. e3 c5 4. Bxc4 cxd4 5. Nf3 Qc7 6. Bb3 e6 7. 0-0 Nf6 8. exd4 Be7 9. Nc3 0-0 10. Bg5 Rd8 11. Qe2 Nc6 12. Rad1 Nb4 13. Ne5 Nfd5 14. Nxd5 Nxd5 15. Rc1 Qd6 16. Qh5 g6 17. Bxe7 Qxe7 18. Qh6 f6 19. Ng4 b6 20. h4 Ba6 21. Rfe1 Bd3 22. Qd2 Bb5 23. Bxd5 Rxd5 24. Qf4 Rf8 25. Rc7 Rd7 26. Rxd7 Bxd7 27. Qc7 h5 28. Ne3 Qb4 29. Rb1 Qa4 30. a3 Rc8 31. Qd6 Qc6 32. Qf4 Kg7 33. Rd1 Qc7 34. Qe4 Qd6 35. Qb7 Qc6 36. Qa6 Qa4 37. Qb7 Qc6 38. Qa6 Qa4 39. Qb7 1/2-1/2

[Event "CRO-Cup 19th"]
[Site "Sibenik"]
[Date "2010.05.19"]
[Round "1"]
[White "Sermek, Drazen"]
[Black "Medancic, Rikard"]
[Result "1-0"]
[WhiteElo "2526"]
[BlackElo "2311"]
[PlyCount "75"]
[EventDate "2010.05.19"]
[EventType "team-tourn"]
[EventRounds "6"]
[EventCountry "CRO"]
[SourceTitle "CBM 136 Extra"]
[Source "ChessBase"]
[SourceDate "2010.07.02"]
[SourceVersion "2"]
[SourceVersionDate "2010.07.15"]
[SourceQuality "1"]

1. e4 c5 2. c3 d6 3. d4 Qc7 4. f4 g6 5. Be3 Bg7 6. Bd3 e6 7. Nf3 Ne7 8. Na3 a6 9. dxc5 dxc5 10. Nc4 0-0 11. a4 b6 12. a5 bxa5 13. Qa4 Nbc6 14. 0-0 Rd8 15. Bc2 Bd7 16. Qa3 Bf8 17. Bxc5 Rab8 18. Kh1 Nc8 19. Bxf8 Rxf8 20. Rfd1 Rd8 21. g3 Be8 22. Rxd8 Qxd8 23. Rd1 Qc7 24. b3 N8a7 25. Qc5 Rd8 26. Nd6 Qe7 27. e5 Rb8 28. Nd2 Rb5 29. Qe3 Rd5 30. N2e4 Rxd1+ 31. Bxd1 Bd7 32. Nf6+ Kg7 33. Qb6 Nb5 34. Nxb5 axb5 35. Qc7 Nb8 36. Qxb8 Bc6+ 37. Kg1 Qc5+ 38. Kf1 1-0

[Event "SLO-chT 20th"]
[Site "Gostovanja"]
[Date "2010.05.16"]
[Round "2"]
[White "Zupe, Miran"]
[Black "Sermek, Drazen"]
[Result "1/2-1/2"]
[WhiteElo "2338"]
[BlackElo "2526"]
[PlyCount "90"]
[EventDate "2010.05.15"]
[EventType "team-tourn"]
[EventRounds "9"]
[EventCountry "SLO"]
[SourceTitle "EXT 2020"]
[Source "ChessBase"]
[SourceDate "2019.10.17"]
[SourceVersion "1"]
[SourceVersionDate "2019.10.17"]
[SourceQuality "1"]
[WhiteTeam "Maribor Branik"]
[BlackTeam "Krsko Triglav"]
[WhiteTeamCountry "SLO"]
[BlackTeamCountry "SVK"]

1. e4 e5 2. Nf3 Nc6 3. Bb5 a6 4. Ba4 d6 5. Bxc6+ bxc6 6. d4 f6 7. 0-0 Ne7 8. Be3 Ng6 9. c4 Be7 10. Qd2 Bg4 11. Ne1 0-0 12. Nc3 exd4 13. Bxd4 Be6 14. b3 f5 15. exf5 Bxf5 16. Nc2 c5 17. Be3 Bf6 18. Rad1 Bxc3 19. Qxc3 Qf6 20. Qxf6 Rxf6 21. Rd2 h6 22. Rfd1 Re8 23. h3 Nh4 24. Ne1 Be4 25. g3 Nf5 26. Re2 Bc6 27. Rd3 Rfe6 28. Rc3 h5 29. Kf1 Kf7 30. Ng2 g5 31. Re1 Kg6 32. Kg1 Nd4 33. Kf1 Nf3 34. Rd1 R6e7 35. Rcc1 Bd7 36. h4 gxh4 37. Nxh4+ Nxh4 38. gxh4 Bg4 39. Rd5 Rf7 40. Rg5+ Kh7 41. Ke1 Bf3 42. Rg3 Re4 43. Rh3 Bg4 44. Rh2 Bf3 45. Kd2 Bg4 1/2-1/2

[Event "CRO-chT1A 18th"]
[Site "Sibenik"]
[Date "2009.09.29"]
[Round "9"]
[White "Sermek, Drazen"]
[Black "Jovanic, Ognjen"]
[Result "1/2-1/2"]
[WhiteElo "2530"]
[BlackElo "2543"]
[PlyCount "80"]
[EventDate "2009.09.21"]
[EventType "team-tourn"]
[EventRounds "9"]
[EventCountry "CRO"]
[SourceTitle "CBM 132 Extra"]
[Source "ChessBase"]
[SourceDate "2009.11.03"]
[SourceVersion "1"]
[SourceVersionDate "2009.11.03"]
[SourceQuality "1"]

1. e4 e5 2. Nf3 Nc6 3. Bc4 Bc5 4. d3 Nf6 5. Nc3 d6 6. Bg5 h6 7. Bxf6 Qxf6 8. Nd5 Qd8 9. c3 a6 10. d4 Ba7 11. dxe5 Nxe5 12. Nxe5 dxe5 13. Qh5 0-0 14. Qxe5 Re8 15. Qf4 Qd6 16. Qxd6 Rxe4+ 17. Ne3 cxd6 18. Bd5 Re7 19. 0-0-0 Be6 20. Rhf1 Bxe3+ 21. fxe3 Rae8 22. Bf3 Bxa2 23. Rxd6 Bc4 24. Re1 f5 25. g3 b5 26. Kd2 Re6 27. Bd5 Bxd5 28. Rxd5 g6 29. Rd7 R8e7 30. Rxe7 Rxe7 31. Ra1 Re6 32. b3 Rd6+ 33. Ke2 Kf7 34. c4 bxc4 35. bxc4 Ke6 36. e4 fxe4 37. Ke3 Kd7 38. Kxe4 h5 39. Kf4 Rd4+ 40. Kg5 Rg4+ 1/2-1/2

[Event "CRO-chT1A 18th"]
[Site "Sibenik"]
[Date "2009.09.26"]
[Round "6"]
[White "Plenkovic, Zdenko"]
[Black "Sermek, Drazen"]
[Result "1/2-1/2"]
[WhiteElo "2370"]
[BlackElo "2530"]
[PlyCount "60"]
[EventDate "2009.09.21"]
[EventType "team-tourn"]
[EventRounds "9"]
[EventCountry "CRO"]
[SourceTitle "CBM 132 Extra"]
[Source "ChessBase"]
[SourceDate "2009.11.03"]
[SourceVersion "1"]
[SourceVersionDate "2009.11.03"]
[SourceQuality "1"]

1. e4 c5 2. Nf3 e6 3. d4 cxd4 4. Nxd4 Nf6 5. Nc3 Nc6 6. Nxc6 bxc6 7. e5 Nd5 8. Ne4 Qc7 9. f4 Qb6 10. c4 Bb4+ 11. Ke2 f5 12. exf6 Nxf6 13. Be3 Qa5 14. Nxf6+ gxf6 15. Kf2 0-0 16. Bd3 Rf7 17. a3 Bc5 18. b4 Bxe3+ 19. Kxe3 Qc7 20. c5 a5 21. Bc4 axb4 22. axb4 Rxa1 23. Qxa1 d5 24. cxd6 Qxd6 25. Qc3 Kg7 26. Be2 Rb7 27. Rd1 Qxb4 28. Qxb4 Rxb4 29. Rd8 Bb7 30. Bf3 Rb3+ 1/2-1/2

[Event "CRO-Cup 18th"]
[Site "Sibenik"]
[Date "2009.05.23"]
[Round "4"]
[White "Dizdar, Goran"]
[Black "Sermek, Drazen"]
[Result "1/2-1/2"]
[WhiteElo "2565"]
[BlackElo "2525"]
[PlyCount "28"]
[EventDate "2009.05.20"]
[EventType "team-tourn"]
[EventRounds "5"]
[EventCountry "CRO"]
[SourceTitle "CBM 130 Extra"]
[Source "ChessBase"]
[SourceDate "2009.07.02"]
[SourceVersion "2"]
[SourceVersionDate "2009.07.15"]
[SourceQuality "1"]

1. Nf3 d5 2. c4 d4 3. g3 c5 4. Bg2 Nc6 5. 0-0 g6 6. d3 Bg7 7. Na3 Nf6 8. Nc2 0-0 9. Rb1 a5 10. b3 e5 11. Bg5 h6 12. Bxf6 Bxf6 13. a3 Be7 14. e3 Bf5 1/2-1/2

[Event "SLO-chT 18th"]
[Site "Murska Sobota"]
[Date "2008.12.12"]
[Round "7"]
[White "Sermek, Drazen"]
[Black "Krstic, Uros"]
[Result "0-1"]
[WhiteElo "2535"]
[BlackElo "2379"]
[PlyCount "90"]
[EventDate "2008.12.06"]
[EventType "team-tourn"]
[EventRounds "9"]
[EventCountry "SLO"]
[SourceTitle "CBM 127 Extra"]
[Source "ChessBase"]
[SourceDate "2009.01.08"]
[SourceVersion "2"]
[SourceVersionDate "2009.01.28"]
[SourceQuality "1"]
[WhiteTeam "Krsko Triglav"]
[BlackTeam "Sevnica Majcen"]
[WhiteTeamCountry "SLO"]
[BlackTeamCountry "SLO"]

1. e4 e5 2. Nf3 Nc6 3. Bc4 Nf6 4. Ng5 d5 5. exd5 Na5 6. Bb5+ c6 7. dxc6 bxc6 8. Be2 h6 9. Nf3 e4 10. Ne5 Bc5 11. c3 Nb7 12. d4 exd3 13. Qxd3 Qc7 14. Nc4 0-0 15. 0-0 Re8 16. b4 Bf8 17. Be3 c5 18. Nba3 Bd7 19. Bf3 Rad8 20. Rac1 Ng4 21. g3 Nxe3 22. Nxe3 Bh3 23. Qa6 Bxf1 24. Rxf1 Nd6 25. Nd5 Qc8 26. Qxa7 Ne4 27. Nb6 Qf5 28. Bxe4 Rxe4 29. Qc7 Rd2 30. Nac4 Rxa2 31. b5 Re1 32. Qf4 Rxf1+ 33. Kxf1 Qh3+ 34. Ke1 Qxh2 35. Nd2 Qh1+ 36. Ke2 Qb7 37. Nbc4 Qxb5 38. Qe4 Qa6 39. Ke3 Qf6 40. Qd3 Qe6+ 41. Kf3 Qc6+ 42. Ke3 Ra1 43. Ke2 Qh1 44. Qd7 Rc1 45. Kd3 Qe1 0-1

[Event "SLO-chT 18th"]
[Site "Murska Sobota"]
[Date "2008.12.11"]
[Round "6"]
[White "Palac, Mladen"]
[Black "Sermek, Drazen"]
[Result "1/2-1/2"]
[WhiteElo "2583"]
[BlackElo "2535"]
[PlyCount "68"]
[EventDate "2008.12.06"]
[EventType "team-tourn"]
[EventRounds "9"]
[EventCountry "SLO"]
[SourceTitle "CBM 127 Extra"]
[Source "ChessBase"]
[SourceDate "2009.01.08"]
[SourceVersion "2"]
[SourceVersionDate "2009.01.28"]
[SourceQuality "1"]
[WhiteTeam "Maribor Branik"]
[BlackTeam "Krsko Triglav"]
[WhiteTeamCountry "SLO"]
[BlackTeamCountry "SLO"]

1. e4 e5 2. Nf3 Nc6 3. Bb5 a6 4. Ba4 d6 5. c3 Bd7 6. d4 Nge7 7. Be3 Ng6 8. h4 Be7 9. g3 h6 10. d5 Nb8 11. Bxd7+ Nxd7 12. c4 Nf6 13. Nc3 Ng4 14. Bd2 Qd7 15. h5 Nf8 16. Nh4 Bxh4 17. Rxh4 Nf6 18. Qe2 Qe7 19. 0-0-0 0-0-0 20. Kb1 N8d7 21. f3 Kb8 22. Rdh1 Rhe8 23. Nd1 Qf8 24. Ne3 Ng8 25. Rc1 Rc8 26. Rhh1 Ne7 27. g4 c5 28. dxc6 Rxc6 29. Bb4 Nc5 30. Rhd1 Rd8 31. Rd2 Ne6 32. Qd1 Nd4 33. Bc3 Ne6 34. Bb4 Nd4 1/2-1/2

[Event "Porec op"]
[Site "Porec"]
[Date "2008.12.06"]
[Round "5"]
[White "Fucak, Emilijo"]
[Black "Sermek, Drazen"]
[Result "1/2-1/2"]
[WhiteElo "2253"]
[BlackElo "2535"]
[PlyCount "24"]
[EventDate "2008.12.04"]
[EventType "swiss"]
[EventRounds "7"]
[EventCountry "CRO"]
[SourceTitle "CBM 127 Extra"]
[Source "ChessBase"]
[SourceDate "2009.01.08"]
[SourceVersion "2"]
[SourceVersionDate "2009.01.28"]
[SourceQuality "1"]

1. c4 e5 2. Nc3 Nf6 3. e3 Nc6 4. Nf3 Be7 5. d4 exd4 6. Nxd4 0-0 7. Be2 Re8 8. 0-0 Bb4 9. Nd5 Bc5 10. Nb5 Nxd5 11. cxd5 Ne5 12. d6 cxd6 1/2-1/2

[Event "Porec op"]
[Site "Porec"]
[Date "2008.12.06"]
[Round "6"]
[White "Sermek, Drazen"]
[Black "Fercec, Nenad"]
[Result "1-0"]
[WhiteElo "2535"]
[BlackElo "2481"]
[PlyCount "82"]
[EventDate "2008.12.04"]
[EventType "swiss"]
[EventRounds "7"]
[EventCountry "CRO"]
[SourceTitle "CBM 127 Extra"]
[Source "ChessBase"]
[SourceDate "2009.01.08"]
[SourceVersion "2"]
[SourceVersionDate "2009.01.28"]
[SourceQuality "1"]

1. e4 e5 2. Nf3 Nc6 3. Bc4 Nf6 4. d3 Bc5 5. Nc3 h6 6. a3 a6 7. 0-0 d6 8. Be3 Bxe3 9. fxe3 Be6 10. Ba2 Bxa2 11. Rxa2 d5 12. exd5 Nxd5 13. Qd2 Nxc3 14. Qxc3 Qe7 15. Raa1 0-0-0 16. Nd2 g6 17. Ne4 f5 18. Nc5 Rd6 19. b4 Re8 20. a4 Nd8 21. b5 Ne6 22. Nb3 Kb8 23. Qxe5 Nf8 24. Qxe7 Rxe7 25. e4 Re5 26. exf5 Rxf5 27. Rxf5 gxf5 28. Rf1 Rf6 29. Nd4 axb5 30. axb5 f4 31. g3 Ng6 32. c3 Rd6 33. gxf4 c5 34. bxc6 bxc6 35. Rf3 c5 36. Ne2 Kc7 37. Re3 Kd7 38. Kf2 Nh4 39. Ng3 Rf6 40. f5 Ng6 41. Kf3 Ne7 1-0

[Event "Porec op"]
[Site "Porec"]
[Date "2008.12.04"]
[Round "2"]
[White "Sermek, Drazen"]
[Black "Tomazini, Aljosa"]
[Result "1/2-1/2"]
[WhiteElo "2535"]
[BlackElo "2189"]
[PlyCount "53"]
[EventDate "2008.12.04"]
[EventType "swiss"]
[EventRounds "7"]
[EventCountry "CRO"]
[SourceTitle "CBM 127 Extra"]
[Source "ChessBase"]
[SourceDate "2009.01.08"]
[SourceVersion "2"]
[SourceVersionDate "2009.01.28"]
[SourceQuality "1"]

1. e4 e5 2. Nf3 Nc6 3. Bc4 Bc5 4. Nc3 Nf6 5. d3 d6 6. Bg5 h6 7. Bxf6 Qxf6 8. Nd5 Qd8 9. c3 a6 10. d4 Ba7 11. dxe5 Nxe5 12. Nxe5 dxe5 13. Qh5 0-0 14. Qxe5 Re8 15. Qf4 Qd6 16. Qf3 Qe5 17. 0-0 Be6 18. Bd3 Rad8 19. Nf4 Bd7 20. Rad1 Bc6 21. Nd5 Kf8 22. g3 Rd6 23. Bc2 Bb5 24. Bd3 Bxd3 25. Rxd3 Qxe4 26. Qxe4 Rxe4 27. Nf4 1/2-1/2

[Event "CRO-chT1A 17th"]
[Site "Sibenik"]
[Date "2008.10.02"]
[Round "6"]
[White "Ribli, Zoltan"]
[Black "Sermek, Drazen"]
[Result "1/2-1/2"]
[WhiteElo "2577"]
[BlackElo "2509"]
[PlyCount "99"]
[EventDate "2008.09.27"]
[EventType "team"]
[EventRounds "9"]
[EventCountry "CRO"]
[SourceTitle "CBM 126 Extra"]
[Source "ChessBase"]
[SourceDate "2008.11.05"]
[SourceVersion "1"]
[SourceVersionDate "2008.11.05"]
[SourceQuality "1"]

1. c4 e5 2. Nc3 Nf6 3. Nf3 Nc6 4. d3 d5 5. cxd5 Nxd5 6. e3 Be7 7. Be2 0-0 8. 0-0 Be6 9. a3 Qd7 10. Qc2 Rad8 11. Bd2 Nxc3 12. Bxc3 f6 13. b4 a6 14. Rfd1 Qe8 15. Rab1 Qf7 16. a4 Bd6 17. b5 axb5 18. axb5 Ne7 19. e4 c5 20. bxc6 Nxc6 21. d4 exd4 22. Nxd4 Nxd4 23. Bxd4 Rc8 24. Qd2 Bc5 25. Bxc5 Rxc5 26. Qb4 Rc2 27. Bf3 Ba2 28. Ra1 Rc7 29. Rd6 Qe7 30. h3 Bc4 31. Qb6 Rd7 32. Rxd7 Qxd7 33. Ra7 Rb8 34. e5 fxe5 35. Bxb7 Be6 36. Qa6 Bf7 37. Be4 Qe6 38. Qa5 Kh8 39. Rc7 Qf6 40. Qc5 Re8 41. g3 Qe6 42. h4 Bg6 43. Bc6 Rd8 44. Bd7 Qf6 45. Rc8 h6 46. Rc6 Qf7 47. Bg4 Re8 48. Rc7 Qf6 49. h5 Bf5 50. Qb4 1/2-1/2

[Event "CRO-chT1A 17th"]
[Site "Sibenik"]
[Date "2008.09.28"]
[Round "2"]
[White "Pinter, Jozsef"]
[Black "Sermek, Drazen"]
[Result "1/2-1/2"]
[WhiteElo "2535"]
[BlackElo "2509"]
[PlyCount "71"]
[EventDate "2008.09.27"]
[EventType "team"]
[EventRounds "9"]
[EventCountry "CRO"]
[SourceTitle "CBM 126 Extra"]
[Source "ChessBase"]
[SourceDate "2008.11.05"]
[SourceVersion "1"]
[SourceVersionDate "2008.11.05"]
[SourceQuality "1"]

1. Nf3 d5 2. e3 g6 3. c4 c6 4. Nc3 Bg7 5. d4 Nf6 6. Bd3 0-0 7. 0-0 Bg4 8. h3 Bxf3 9. Qxf3 e6 10. Rd1 Nbd7 11. b3 Re8 12. Bf1 e5 13. cxd5 e4 14. Qg3 Nxd5 15. Nxd5 cxd5 16. Ba3 Bf8 17. Bxf8 Nxf8 18. Bb5 Re7 19. Rdc1 Ne6 20. Rc2 Rc7 21. Rxc7 Qxc7 22. Qxc7 Nxc7 23. Be2 Rd8 24. Rc1 Ne6 25. f3 exf3 26. Bxf3 h5 27. Rc3 Kf8 28. b4 a6 29. a4 h4 30. Kf2 Ke7 31. Ke2 Kd6 32. Kd3 f5 33. Rb3 Nc7 34. Rc3 Ne6 35. Rb3 Nc7 36. Rc3 1/2-1/2

[Event "Kuala Lumpur MCF"]
[Site "Kuala Lumpur"]
[Date "2008.09.04"]
[Round "10"]
[White "Rahman, Ziaur"]
[Black "Sermek, Drazen"]
[Result "1/2-1/2"]
[WhiteElo "2564"]
[BlackElo "2509"]
[PlyCount "63"]
[EventDate "2008.08.26"]
[EventType "tourn"]
[EventRounds "10"]
[EventCountry "MAS"]
[EventCategory "9"]
[SourceTitle "CBM 126 Extra"]
[Source "ChessBase"]
[SourceDate "2008.11.05"]
[SourceVersion "1"]
[SourceVersionDate "2008.11.05"]
[SourceQuality "1"]

1. d4 d5 2. Nf3 c5 3. c4 dxc4 4. e3 Nf6 5. Bxc4 e6 6. 0-0 a6 7. Bb3 Nc6 8. Nc3 Be7 9. Qe2 cxd4 10. Rd1 e5 11. exd4 exd4 12. Be3 Bg4 13. Ba4 0-0 14. Bxc6 bxc6 15. Rxd4 Qb8 16. Rd2 Re8 17. h3 Bh5 18. Qd1 Bb4 19. Rc1 Nd5 20. Bg5 Bxc3 21. bxc3 Bxf3 22. Qxf3 Qe5 23. Qg3 h6 24. Qxe5 Rxe5 25. Bh4 Re4 26. c4 Rxh4 27. cxd5 cxd5 28. Rxd5 Ra4 29. Rc2 Ra7 30. Rdc5 g6 31. Rc8+ Kg7 32. R8c4 1/2-1/2

[Event "Kuala Lumpur MCF"]
[Site "Kuala Lumpur"]
[Date "2008.09.02"]
[Round "8"]
[White "Myo, Zaw Min"]
[Black "Sermek, Drazen"]
[Result "1/2-1/2"]
[WhiteElo "2486"]
[BlackElo "2509"]
[PlyCount "78"]
[EventDate "2008.08.26"]
[EventType "tourn"]
[EventRounds "10"]
[EventCountry "MAS"]
[EventCategory "9"]
[SourceTitle "CBM 126 Extra"]
[Source "ChessBase"]
[SourceDate "2008.11.05"]
[SourceVersion "1"]
[SourceVersionDate "2008.11.05"]
[SourceQuality "1"]

1. e4 c5 2. Nf3 e6 3. d3 Nc6 4. g3 d5 5. Nbd2 g6 6. Bg2 Bg7 7. 0-0 Nge7 8. Re1 0-0 9. c3 e5 10. exd5 Nxd5 11. Nc4 Re8 12. Ng5 Nb6 13. Qb3 Qc7 14. Qb5 Bf5 15. Qxc5 Bxd3 16. Nd6 Re7 17. Nxb7 e4 18. Na5 Nxa5 19. Qxa5 Re5 20. Qa3 Nc4 21. Qa4 Ra5 22. Qd1 Rd8 23. Qg4 Qb6 24. Bxe4 f5 25. Bxd3 fxg4 26. Bxc4+ Rad5 27. Re8+ Rxe8 28. Bxd5+ Kf8 29. Nxh7+ Ke7 30. Bg5+ Kd6 31. Rd1 Kc7 32. Bf7 Rh8 33. Bf4+ Kc8 34. Ng5 Rd8 35. Be6+ Kb7 36. Bd5+ Ka6 37. Bc4+ Kb7 38. Bd5+ Ka6 39. Bc4+ Kb7 1/2-1/2

[Event "Kuala Lumpur MCF"]
[Site "Kuala Lumpur"]
[Date "2008.08.29"]
[Round "4"]
[White "Sermek, Drazen"]
[Black "Rahman, Ziaur"]
[Result "1/2-1/2"]
[WhiteElo "2509"]
[BlackElo "2564"]
[PlyCount "62"]
[EventDate "2008.08.26"]
[EventType "tourn"]
[EventRounds "10"]
[EventCountry "MAS"]
[EventCategory "9"]
[SourceTitle "CBM 126 Extra"]
[Source "ChessBase"]
[SourceDate "2008.11.05"]
[SourceVersion "1"]
[SourceVersionDate "2008.11.05"]
[SourceQuality "1"]

1. e4 g6 2. d4 Bg7 3. Nc3 c6 4. Nf3 d6 5. a4 Nf6 6. h3 0-0 7. Bc4 d5 8. Bd3 dxe4 9. Nxe4 Nxe4 10. Bxe4 Bf5 11. Bxf5 Qa5+ 12. c3 Qxf5 13. 0-0 Nd7 14. Re1 e6 15. Be3 Rac8 16. Qb1 Qxb1 17. Rexb1 a6 18. Ra3 e5 19. dxe5 Nxe5 20. Nxe5 Bxe5 21. Bb6 Bc7 22. Rb3 Bxb6 23. Rxb6 Rc7 24. Rd1 Re8 25. Kf1 h5 26. h4 Kf8 27. g3 Kg7 28. Rd4 Kf8 29. Rdb4 Ree7 30. Rd4 Re8 31. Rdb4 Ree7 1/2-1/2

[Event "Kuala Lumpur op 5th"]
[Site "Kuala Lumpur"]
[Date "2008.08.23"]
[Round "10"]
[White "Zhou, Weiqi"]
[Black "Sermek, Drazen"]
[Result "1/2-1/2"]
[WhiteElo "2556"]
[BlackElo "2509"]
[PlyCount "70"]
[EventDate "2008.08.18"]
[EventType "swiss"]
[EventRounds "11"]
[EventCountry "MAS"]
[SourceTitle "CBM 126 Extra"]
[Source "ChessBase"]
[SourceDate "2008.11.05"]
[SourceVersion "1"]
[SourceVersionDate "2008.11.05"]
[SourceQuality "1"]

1. d4 d5 2. c4 dxc4 3. e4 c5 4. d5 Nf6 5. Nc3 e6 6. Bxc4 exd5 7. exd5 Bd6 8. Nf3 0-0 9. 0-0 Bg4 10. h3 Bxf3 11. Qxf3 Nbd7 12. Bg5 h6 13. Bh4 Ne5 14. Qe2 Ng6 15. Bxf6 Qxf6 16. Ne4 Qd8 17. Nxd6 Qxd6 18. Rfe1 Rad8 19. Rad1 Rd7 20. Qh5 a6 21. a4 b5 22. axb5 axb5 23. Bxb5 Rb7 24. Bc4 Rxb2 25. Qf5 Rb4 26. Rc1 Rd8 27. g3 Ne7 28. Qe5 Qxe5 29. Rxe5 Kf8 30. d6 Rxd6 31. Rxc5 Rbb6 32. Ra1 g6 33. Re5 Rb7 34. g4 Rc7 35. Be2 g5 1/2-1/2

[Event "Kuala Lumpur op 5th"]
[Site "Kuala Lumpur"]
[Date "2008.08.22"]
[Round "7"]
[White "Sermek, Drazen"]
[Black "Bancod, Ronald"]
[Result "1-0"]
[WhiteElo "2509"]
[BlackElo "2375"]
[PlyCount "77"]
[EventDate "2008.08.18"]
[EventType "swiss"]
[EventRounds "11"]
[EventCountry "MAS"]
[SourceTitle "CBM 126 Extra"]
[Source "ChessBase"]
[SourceDate "2008.11.05"]
[SourceVersion "1"]
[SourceVersionDate "2008.11.05"]
[SourceQuality "1"]

1. e4 c5 2. c3 d6 3. d4 Nf6 4. Bd3 cxd4 5. cxd4 g6 6. Nf3 Bg7 7. Nc3 0-0 8. h3 Nc6 9. 0-0 a6 10. Bg5 Nd7 11. Bc2 b5 12. Qd2 Re8 13. Rfd1 Bb7 14. Qf4 Nb6 15. a4 f6 16. axb5 e5 17. Bb3+ Kh8 18. dxe5 fxg5 19. Nxg5 Nxe5 20. Qh4 h5 21. f4 Bf6 22. fxe5 Bxg5 23. Qf2 Rxe5 24. Qf7 Qe7 25. Qxg6 Be3+ 26. Kh1 Bc5 27. Rf1 Qg5 28. Qf7 Re7 29. Qf3 Rg7 30. Qe2 Re8 31. bxa6 Ba8 32. Rf3 Qg6 33. Raf1 Rxe4 34. Nxe4 Bxe4 35. Rg3 Nd7 36. Rxg6 Bxg6 37. Bc2 Bf7 38. b4 Bb6 39. Qd2 1-0